Welcome to WEB OPAC of MRSPTU Central Library

Limit state theory and design of reinforced concrete (Record no. 4282)

MARC details
000 -LEADER
fixed length control field 00411nam a2200157Ia 4500
008 - FIXED-LENGTH DATA ELEMENTS--GENERAL INFORMATION
fixed length control field 230711s9999||||xx |||||||||||||| ||und||
041 ## - LANGUAGE CODE
Language code of text/sound track or separate title ENG
082 ## - DEWEY DECIMAL CLASSIFICATION NUMBER
Classification number 624
Item number SH-L
100 ## - MAIN ENTRY--PERSONAL NAME
Personal name Shah,KM
245 #0 - TITLE STATEMENT
Title Limit state theory and design of reinforced concrete
250 ## - EDITION STATEMENT
Edition statement 4th . . . Ed.
260 ## - PUBLICATION, DISTRIBUTION, ETC.
Date of publication, distribution, etc. 2003
Place of publication, distribution, etc. New Delhi
Name of publisher, distributor, etc. Sterling Publishers Pvt.Ltd
650 ## - SUBJECT ADDED ENTRY--TOPICAL TERM
Topical term or geographic name entry element Civil Engineering
700 ## - ADDED ENTRY--PERSONAL NAME
Personal name Karve
942 ## - ADDED ENTRY ELEMENTS (KOHA)
Koha item type Book
Holdings
Withdrawn status Lost status Damaged status Not for loan Collection Home library Current library Date acquired Total checkouts Full call number Barcode Date last seen Price effective from Koha item type
          MRSPTU Central Library MRSPTU Central Library     624 SH-L 14675 08/17/2023 08/17/2023 Book
          MRSPTU Central Library MRSPTU Central Library     624 SH-L 14676 08/17/2023 08/17/2023 Book

Website Designed and Developed by MRSPTU Central Library Team

E-mail Id: librarian@mrsptu.ac.in